00556nam a2200157Ia 4500008004000000082001300040100001900053245006700072260004300139300001100182650003400193690002100227906001100248999001700259952012200276210210b1980 xxu||||| |||| 00| 0 eng d a331 DAYI aDAYAL (Sahab). aIndustrial relations system in India: a study of vital issues. aNDbSterling publishers pvt ltd.c1980 aix,268 aIndian industrial relations  aLabour Economics a035591 c86145d86145 001040708EconomicsaALbALcEconomicsd2021-02-17g80.00l0o331 DAYIp035591r2021-02-17 00:00:00w2021-02-17yBK